[Event "IND-ch U13 Girls"]
[Site "Gujarath"]
[Date "2016.07.22"]
[Round "1"]
[White "Ishika, Arora"]
[Black "Bommini, Mounika Akshaya"]
[Result "0-1"]
[WhiteElo "1244"]
[BlackElo "1789"]
[PlyCount "37"]
[EventDate "2016.07.22"]
[EventType "swiss"]
[EventRounds "11"]
[EventCountry "IND"]
[SourceTitle "EXT 2017"]
[Source "ChessBase"]
[SourceDate "2016.10.25"]
[SourceVersion "1"]
[SourceVersionDate "2016.10.25"]
[SourceQuality "1"]

1. e4 Nc6 2. d4 e5 3. d5 Nce7 4. Nf3 Ng6 5. a3 Nf6 6. Bd3 Bc5 7. b4 Bb6 8. Bb2 d6 9. h3 0-0 10. 0-0 Nf4 11. Kh2 N6h5 12. Ng1 Qg5 13. g3 Bxf2 14. g4 Qh4 15. Qf3 Bg3+ 16. Kh1 Nxh3 17. Kg2 N3f4+ 18. Qxf4 Nxf4+ 19. Kf3 0-1